<?xml version="1.0" encoding="UTF-8"?>
<collection xmlns="http://www.loc.gov/MARC21/slim">
 <record>
  <leader>02944nam a2200217 a 4500</leader>
  <controlfield tag="001">1/49117</controlfield>
  <controlfield tag="008">191010s2016    gr            00010 gre  </controlfield>
  <datafield tag="020" ind1=" " ind2=" ">
   <subfield code="a">9786188278219</subfield>
  </datafield>
  <datafield tag="035" ind1=" " ind2=" ">
   <subfield code="l">52117</subfield>
  </datafield>
  <datafield tag="040" ind1=" " ind2=" ">
   <subfield code="a">GR-PeUP</subfield>
  </datafield>
  <datafield tag="082" ind1="0" ind2="0">
   <subfield code="a">220 ΚΩΝ</subfield>
  </datafield>
  <datafield tag="100" ind1="1" ind2=" ">
   <subfield code="a">Κωνσταντίνου, Μιλτιάδης Δ.</subfield>
  </datafield>
  <datafield tag="245" ind1="1" ind2="0">
   <subfield code="a">Μικρές Ερμηνευτικές Μελέτες σε αφηγηματικά κείμενα της Παλαιάς Διαθήκης /</subfield>
   <subfield code="c">Μιλτιάδη Δ. Κωνσταντίνου.</subfield>
  </datafield>
  <datafield tag="260" ind1="0" ind2=" ">
   <subfield code="a">Θεσσαλονίκη :</subfield>
   <subfield code="b">Ροπή,</subfield>
   <subfield code="c">[2016].</subfield>
  </datafield>
  <datafield tag="300" ind1=" " ind2=" ">
   <subfield code="a">219 σ. ;</subfield>
   <subfield code="c">24 εκ.</subfield>
  </datafield>
  <datafield tag="500" ind1=" " ind2=" ">
   <subfield code="a">Περιεχόμενα: Βραχυγραφίες. -- 1. Ιστορία και Θεολογία στην Παλαιά Διαθήκη. -- Ο χαρακτήρας των ιστορικών βιβλίων της Π.Δ. -- Η ιστορία ως χώρος εκδήλωσης του θελήματος του Θεού. -- Ιστορική αλήθεια και θεολογική αλήθεια στη Βίβλο. -- 2. Η Παλαιά Διαθήκη στην Ορθόδοξη Εκκλησία. -- Η Π.Δ. ως Βίβλος της Εκκλησίας. -- Προϋποθέσεις ορθόδοξης ερμηνευτικής. -- 3. Η ερμηνευτική διαδικασία: Το κείμενο. Η συνάφεια τπυ κειμένου. Ο ερμηνευτικός σχολιασμός. Η θεολογική προσέγγιση. -- 4. Ερμηνεία περικοπών : Η δημιουργία του κόσμου (Γεν α΄- β') . -- Η πτώση (Γεν β' 8-17. γ΄ 1-24) . -- Βίβλος γενέσεως (Γεν δ' 17-26. ε' 1-32) . -- Οι &quot;Υιοί του Θεού&quot; (Γεν ς' 1-4) . -- Ο πύργος της Βαβέλ (Γεν ια' 1-9) . -- Η πίστη του Αβραάμ (Γεν ιε' 6) . -- Η ταφή της Σάρρας (Γεν κγ') . -- Το όνομα του Θεού (Εξο γ' 13-15) . -- Η αρχή της αμοιβαιότητας στις σχέσεις Θεού ανθρώπων (Λευ κς' 3-39) . -- Σαούλ και Σαμουήλ ( 1Βα ιγ' [1Σα xiii] 7β-15α) . -- Τα μέτρα του Θεού ( 1Βα ις' [1Σα xvi] 1-13) . -- Η παγκοσμιότητα του Θεού ( 3Βα ιζ' [1Βς xvii] 8-16) Το αμπέλι του Ναβουθαί ( 3Βα κ' [1Βς xxi]) . -- Η ερμηνεία της Αγίας Γραφής... εις Χριστόν και ειτ\ς την Εκκλησίαν.</subfield>
  </datafield>
  <datafield tag="650" ind1=" " ind2="4">
   <subfield code="a">Βίβλος</subfield>
   <subfield code="x">Π. Δ.</subfield>
   <subfield code="x">Κριτική, ερμηνεία κλπ.</subfield>
  </datafield>
  <datafield tag="650" ind1=" " ind2="4">
   <subfield code="a">Βίβλος</subfield>
   <subfield code="x">Π.Δ.</subfield>
   <subfield code="x">Θεολογία.</subfield>
  </datafield>
  <datafield tag="650" ind1=" " ind2="4">
   <subfield code="a">Bible</subfield>
   <subfield code="x">Critique, interprétation, etc.</subfield>
  </datafield>
  <datafield tag="650" ind1=" " ind2="4">
   <subfield code="a">Bible</subfield>
   <subfield code="x">O.T.</subfield>
  </datafield>
  <datafield tag="852" ind1=" " ind2=" ">
   <subfield code="a">INST</subfield>
   <subfield code="b">UNIPILB</subfield>
   <subfield code="c">MAIN</subfield>
   <subfield code="e">20191010</subfield>
   <subfield code="h">220 ΚΩΝ</subfield>
   <subfield code="p">00181821</subfield>
   <subfield code="q">00181821</subfield>
   <subfield code="t">LOAN</subfield>
   <subfield code="y">0</subfield>
   <subfield code="4">1</subfield>
  </datafield>
 </record>
</collection>
